<?xml version="1.0" encoding="UTF-8"?><?xml-stylesheet type="text/xsl" href="static/style.xsl"?><OAI-PMH xmlns="http://www.openarchives.org/OAI/2.0/" xmlns:xsi="http://www.w3.org/2001/XMLSchema-instance" xsi:schemaLocation="http://www.openarchives.org/OAI/2.0/ http://www.openarchives.org/OAI/2.0/OAI-PMH.xsd"><responseDate>2026-04-27T13:07:45Z</responseDate><request verb="GetRecord" identifier="oai:uvadoc.uva.es:10324/26657" metadataPrefix="marc">https://uvadoc.uva.es/oai/request</request><GetRecord><record><header><identifier>oai:uvadoc.uva.es:10324/26657</identifier><datestamp>2021-06-29T19:17:53Z</datestamp><setSpec>com_10324_38</setSpec><setSpec>col_10324_852</setSpec></header><metadata><record xmlns="http://www.loc.gov/MARC21/slim" xmlns:doc="http://www.lyncode.com/xoai" xmlns:xsi="http://www.w3.org/2001/XMLSchema-instance" xmlns:dcterms="http://purl.org/dc/terms/" xsi:schemaLocation="http://www.loc.gov/MARC21/slim http://www.loc.gov/standards/marcxml/schema/MARC21slim.xsd">
<leader>00925njm 22002777a 4500</leader>
<datafield tag="042" ind1=" " ind2=" ">
<subfield code="a">dc</subfield>
</datafield>
<datafield tag="720" ind1=" " ind2=" ">
<subfield code="a">García Bécares, Jorge</subfield>
<subfield code="e">author</subfield>
</datafield>
<datafield tag="260" ind1=" " ind2=" ">
<subfield code="c">2017</subfield>
</datafield>
<datafield tag="520" ind1=" " ind2=" ">
<subfield code="a">Introducción: Las roturas fibrilares de isquiosurales en los futbolistas son una de las patologías que más días de baja deportiva causan, y cuya incidencia está en aumento en los últimos años. Además en muchas ocasiones se producen recidivas de la lesión.&#xd;
Objetivo: Realizar una revisión bibliográfica sobre las principales intervenciones que se utilizan en fisioterapia para conocer su evidencia y su efectividad en los futbolistas que sufran roturas fibrilares de isquiosurales.&#xd;
Metodología: Se utilizaron las bases de datos MEDLINE (PubMed), Cochrane Plus y PEDro, así como el Google académico como motor de búsqueda en la red.&#xd;
Conclusiones: El abordaje de fisioterapia representa un papel muy importante en el tratamiento de esta patología, siendo esencial para una correcta mejora y una vuelta a la competición rápida y segura.</subfield>
</datafield>
<datafield tag="024" ind2=" " ind1="8">
<subfield code="a">http://uvadoc.uva.es/handle/10324/26657</subfield>
</datafield>
<datafield tag="245" ind1="0" ind2="0">
<subfield code="a">Tratamiento fisioterápico en las roturas fibrilares de isquiosurales en futbolistas. Revisión bibliográfica</subfield>
</datafield>
</record></metadata></record></GetRecord></OAI-PMH>